20 Biggest Cities/Towns in Victoria - Statistics

General Stats
  • This quiz has been taken 190 times
  • The average score is 13 of 20
Answer Stats
Rank City/Town Population % Correct
1 Melbourne 4,196,201
100%
2 Geelong 157,103
99%
3 Ballarat 93,761
95%
4 Bendigo 92,384
93%
9 Mildura 33,445
82%
7 Wodonga 35,131
78%
6 Shepparton - Mooroopna 46,194
76%
10 Warrnambool 30,707
73%
11 Traralgon 25,482
68%
20 Sale 13,507
65%
12 Wangaratta 18,567
62%
16 Horsham 16,792
61%
5 Melton 45,455
61%
17 Moe - Newborough 15,062
61%
19 Morwell 13,540
53%
8 Sunbury 34,425
49%
15 Torquay - Jan Juc 16,942
46%
18 Warragul 14,274
46%
14 Bacchus Marsh 17,303
45%
13 Ocean Grove - Barwon Heads 18,208
32%
No matching quizzes found
Score Distribution
Percent of People with Each Score
Percentile by Number Answered
Your Score History
You have not taken this quiz